01040nam0a22002531 4500001001100000005001700011021001900028035002600047100004100073101000800114102000700122105001800129200019200147210004100339215001500380320004700395606006200442608004800504700014700552701002700699801001800726801002200744852002000766rc\339662020250609225643.0 aRUb[74-60680] a(NLR Aleph) 007540924 a20130115d1974 |||y0rusy50 ca0 arus aRU ay z |||||1 aДисперсионный анализeУчеб. пособие по статистике торговлиfЛенингр. ин-т сов. торговли им. Ф. Энгельса aЛенинградc[ЛИСТ]d1974 a82 с.d20 aСписок лит.: с. 81 (7 назв.) aДисперсионный анализ (мат.)2psbo aТорговая статистика2psbo 17ca8rusaАфанасьевbВ. И.cд-р экон. наук, статистикаgВячеслав Иванович3RU\NLR\AUTH\770196956 1aСмирновbВ.Н. 0aRUbNLRgpsbo 1aRUbELAR2rusmarc aNLRj74-4/14824